Entry Personal Name
Number of records used in: 1
001 - CONTROL NUMBER
003 - CONTROL NUMBER IDENTIFIER
005 - DATE AND TIME OF LATEST TRANSACTION
- control field:
20211220112220.0
008 - FIXED-LENGTH DATA ELEMENTS
- fixed length control field:
851224n| acannaabn |n aaa
010 ## - LIBRARY OF CONGRESS CONTROL NUMBER
- LC control number:
n 85334247
035 ## - SYSTEM CONTROL NUMBER
- System control number:
(OCoLC)oca01483792
040 ## - CATALOGING SOURCE
- Original cataloging agency:
DLC
- Language of cataloging:
eng
- Transcribing agency:
DLC
- Modifying agency:
DLC
- Modifying agency:
OCoLC
100 1# - HEADING--PERSONAL NAME
- Personal name:
Winger, Gail
670 ## - SOURCE DATA FOUND
- Source citation:
Her Valium, 1986:
- Information found:
CIP t.p. (Gail Winger, Ph.D., Univ. of Mich.) pub. info. (assist. res. scientist in pharmacology, Univ. of Mich.; Ph.D., psychology, Univ. of Mich.)